[Event "XLIV Memoriał Szachowy Ludwika Zamenhofa 2025, Grupa A"]
[Site "Białystok, Poland"]
[Date "2025.12.30"]
[Round "8.8"]
[White "Pidluznij, Gleb"]
[Black "Wojdak, Jan"]
[Result "1-0"]
[TimeControl "90'+30\""]
[WhiteElo "2411"]
[BlackElo "2214"]

1. d4 {[%clk 01:20:50]} {[%emt 00:10:02]} d5 {[%clk 01:29:44]} {[%emt
00:01:24]} 2. Nf3 {[%clk 01:21:10]} {[%emt 00:00:10]} Nf6 {[%clk 01:30:09]}
{[%emt 00:00:04]} 3. c4 {[%clk 01:21:30]} {[%emt 00:00:10]} e6 {[%clk
01:30:23]} {[%emt 00:00:16]} 4. Nc3 {[%clk 01:21:52]} {[%emt 00:00:08]} a6
{[%clk 01:30:49]} {[%emt 00:00:05]} 5. e3 {[%clk 01:12:32]} {[%emt 00:09:49]}
dxc4 {[%clk 01:29:46]} {[%emt 00:01:34]} 6. Bxc4 {[%clk 01:12:57]} {[%emt
00:00:05]} c5 {[%clk 01:28:09]} {[%emt 00:02:07]} 7. O-O {[%clk 01:13:19]}
{[%emt 00:00:07]} b5 {[%clk 01:25:34]} {[%emt 00:03:05]} 8. Bb3 {[%clk
01:13:45]} {[%emt 00:00:05]} Bb7 {[%clk 01:24:48]} {[%emt 00:01:16]} 9. e4
{[%clk 01:14:08]} {[%emt 00:00:06]} cxd4 {[%clk 01:14:30]} {[%emt 00:10:49]} 10.
Nxd4 {[%clk 01:14:26]} {[%emt 00:00:12]} Nc6 {[%clk 01:13:48]} {[%emt
00:01:12]} 11. Nxc6 {[%clk 01:09:24]} {[%emt 00:05:32]} Qxd1 {[%clk 01:13:45]}
{[%emt 00:00:33]} 12. Rxd1 {[%clk 01:09:47]} {[%emt 00:00:07]} Bxc6 {[%clk
01:14:06]} {[%emt 00:00:09]} 13. f3 {[%clk 01:07:56]} {[%emt 00:02:20]} Bc5+
{[%clk 01:07:22]} {[%emt 00:07:15]} 14. Kf1 {[%clk 01:08:20]} {[%emt 00:00:06]}
O-O {[%clk 01:05:46]} {[%emt 00:02:06]} 15. Ne2 {[%clk 01:06:56]} {[%emt
00:01:53]} Bb7 {[%clk 00:59:15]} {[%emt 00:07:01]} 16. Bf4 {[%clk 01:06:44]}
{[%emt 00:00:42]} Rfd8 {[%clk 00:57:12]} {[%emt 00:02:33]} 17. Bc7 {[%clk
01:06:43]} {[%emt 00:00:31]} Rxd1+ {[%clk 00:55:27]} {[%emt 00:02:16]} 18. Rxd1
{[%clk 01:07:08]} {[%emt 00:00:05]} Rc8 {[%clk 00:47:13]} {[%emt 00:08:44]} 19.
Ba5 {[%clk 01:07:29]} {[%emt 00:00:08]} Kf8 {[%clk 00:45:16]} {[%emt 00:02:27]}
20. Nf4 {[%clk 01:00:20]} {[%emt 00:07:39]} Ke8 {[%clk 00:30:04]} {[%emt
00:15:43]} 21. Bc3 {[%clk 00:57:16]} {[%emt 00:03:34]} Be7 {[%clk 00:26:12]}
{[%emt 00:04:21]} 22. g4 {[%clk 00:54:39]} {[%emt 00:03:08]} g5 {[%clk
00:25:07]} {[%emt 00:01:34]} 23. Nd3 {[%clk 00:53:50]} {[%emt 00:01:19]} Nd7
{[%clk 00:24:50]} {[%emt 00:00:48]} 24. Ke2 {[%clk 00:54:08]} {[%emt 00:00:11]}
Nc5 {[%clk 00:21:16]} {[%emt 00:04:05]} 25. Nxc5 {[%clk 00:47:37]} {[%emt
00:07:01]} Bxc5 {[%clk 00:21:22]} {[%emt 00:00:24]} 26. h4 {[%clk 00:34:10]}
{[%emt 00:13:56]} gxh4 {[%clk 00:20:26]} {[%emt 00:01:26]} 27. Bf6 {[%clk
00:34:34]} {[%emt 00:00:06]} a5 {[%clk 00:19:20]} {[%emt 00:01:37]} 28. Rh1
{[%clk 00:30:44]} {[%emt 00:04:19]} a4 {[%clk 00:13:50]} {[%emt 00:06:00]} 29.
Bd1 {[%clk 00:31:09]} {[%emt 00:00:05]} Be7 {[%clk 00:13:51]} {[%emt 00:00:29]}
30. g5 {[%clk 00:30:01]} {[%emt 00:01:39]} Bxf6 {[%clk 00:07:36]} {[%emt
00:06:45]} 31. gxf6 {[%clk 00:30:26]} {[%emt 00:00:05]} Rc5 {[%clk 00:05:42]}
{[%emt 00:02:24]} 32. Rxh4 {[%clk 00:30:51]} {[%emt 00:00:05]} h5 {[%clk
00:06:09]} {[%emt 00:00:02]} 33. Ke3 {[%clk 00:31:01]} {[%emt 00:00:20]} Kd7
{[%clk 00:03:42]} {[%emt 00:02:58]} 34. f4 {[%clk 00:30:48]} {[%emt 00:00:43]}
Rc4 {[%clk 00:03:32]} {[%emt 00:00:40]} 35. Bf3 {[%clk 00:27:32]} {[%emt
00:03:45]} a3 {[%clk 00:03:56]} {[%emt 00:00:06]} 36. bxa3 {[%clk 00:13:01]}
{[%emt 00:15:01]} Rc3+ {[%clk 00:04:23]} {[%emt 00:00:04]} 37. Kf2 {[%clk
00:13:26]} {[%emt 00:00:04]} Rxa3 {[%clk 00:03:07]} {[%emt 00:01:46]} 38. Bxh5
{[%clk 00:08:38]} {[%emt 00:05:19]} Rxa2+ {[%clk 00:03:29]} {[%emt 00:00:08]}
39. Ke3 {[%clk 00:08:55]} {[%emt 00:00:13]} Ra3+ {[%clk 00:01:49]} {[%emt
00:02:10]} 40. Kd4 {[%clk 00:09:17]} {[%emt 00:00:07]} Ra4+ {[%clk 00:01:55]}
{[%emt 00:00:24]} 41. Kc5 {[%clk 00:09:42]} {[%emt 00:00:05]} Bxe4 {[%clk
00:00:46]} {[%emt 00:01:39]} 42. Bxf7 {[%clk 00:09:58]} {[%emt 00:00:15]} Ra8
{[%clk 00:00:55]} {[%emt 00:00:20]} 43. Kd4 {[%clk 00:05:24]} {[%emt 00:05:04]}
Bf5 {[%clk 00:01:06]} {[%emt 00:00:19]} 44. Ke5 {[%clk 00:01:38]} {[%emt
00:04:17]} Rf8 {[%clk 00:01:32]} {[%emt 00:00:04]} 45. Bh5 {[%clk 00:01:40]}
{[%emt 00:00:28]} b4 {[%clk 00:01:03]} {[%emt 00:00:59]} 46. Rh2 {[%clk
00:01:00]} {[%emt 00:01:09]} b3 {[%clk 00:00:35]} {[%emt 00:01:00]} 47. Rd2+
{[%clk 00:01:06]} {[%emt 00:00:23]} Kc6 {[%clk 00:00:56]} {[%emt 00:00:09]} 48.
Bd1 {[%clk 00:00:53]} {[%emt 00:00:43]} Rb8 {[%clk 00:00:32]} {[%emt 00:00:54]}
49. f7 {[%clk 00:01:09]} {[%emt 00:00:14]} Bg6 {[%clk 00:00:39]} {[%emt
00:00:23]} 50. Kf6 {[%clk 00:00:46]} {[%emt 00:00:52]} Bxf7 {[%clk 00:00:57]}
{[%emt 00:00:13]} 51. Kxf7 {[%clk 00:01:00]} {[%emt 00:00:16]} b2 {[%clk
00:01:22]} {[%emt 00:00:05]} 52. Bc2 {[%clk 00:00:47]} {[%emt 00:00:42]} Rb4
{[%clk 00:01:17]} {[%emt 00:00:36]} 53. Rf2 {[%clk 00:01:15]} {[%emt 00:00:01]}
Kd6 {[%clk 00:00:32]} {[%emt 00:01:16]} 54. Kf6 {[%clk 00:01:04]} {[%emt
00:00:41]} Kd7 {[%clk 00:00:32]} {[%emt 00:00:30]} 55. Bb1 {[%clk 00:01:16]}
{[%emt 00:00:18]} Ke8 {[%clk 00:00:32]} {[%emt 00:00:30]} 1-0

[Event "XLIV Memoriał Szachowy Ludwika Zamenhofa 2025, Grupa A"]
[Site "Białystok, Poland"]
[Date "2025.12.30"]
[Round "8.10"]
[White "Kokoszczynski, Jan"]
[Black "Kulig, Pawel"]
[Result "1/2-1/2"]
[TimeControl "90'+30\""]
[WhiteElo "2275"]
[BlackElo "2172"]

1. c4 {[%clk 01:26:29]} {[%emt 00:04:31]} e5 {[%clk 01:27:19]} {[%emt
00:03:40]} 2. g3 {[%clk 01:23:51]} {[%emt 00:03:08]} Nc6 {[%clk 01:27:35]}
{[%emt 00:00:14]} 3. Bg2 {[%clk 01:24:07]} {[%emt 00:00:15]} f5 {[%clk
01:27:44]} {[%emt 00:00:22]} 4. Nc3 {[%clk 01:23:43]} {[%emt 00:00:54]} Nf6
{[%clk 01:28:07]} {[%emt 00:00:06]} 5. d3 {[%clk 01:20:44]} {[%emt 00:03:29]}
Bb4 {[%clk 01:25:49]} {[%emt 00:02:48]} 6. Bd2 {[%clk 01:18:11]} {[%emt
00:03:04]} a5 {[%clk 01:23:32]} {[%emt 00:02:46]} 7. e3 {[%clk 01:14:32]}
{[%emt 00:04:08]} d6 {[%clk 01:22:49]} {[%emt 00:01:13]} 8. Nge2 {[%clk
01:14:08]} {[%emt 00:00:55]} O-O {[%clk 01:23:04]} {[%emt 00:00:15]} 9. Nd5
{[%clk 01:07:34]} {[%emt 00:07:04]} Bc5 {[%clk 01:20:19]} {[%emt 00:03:15]} 10.
Bc3 {[%clk 01:03:11]} {[%emt 00:04:53]} Ba7 {[%clk 01:10:46]} {[%emt 00:10:03]}
11. Qd2 {[%clk 00:57:02]} {[%emt 00:06:39]} Kh8 {[%clk 01:06:35]} {[%emt
00:04:41]} 12. b3 {[%clk 00:37:13]} {[%emt 00:20:18]} a4 {[%clk 00:59:17]}
{[%emt 00:07:48]} 13. b4 {[%clk 00:37:37]} {[%emt 00:00:06]} Nxd5 {[%clk
00:56:51]} {[%emt 00:02:57]} 14. Bxd5 {[%clk 00:37:50]} {[%emt 00:00:17]} Ne7
{[%clk 00:53:43]} {[%emt 00:03:37]} 15. Bg2 {[%clk 00:38:03]} {[%emt 00:00:17]}
c6 {[%clk 00:52:05]} {[%emt 00:02:08]} 16. d4 {[%clk 00:25:06]} {[%emt
00:13:27]} e4 {[%clk 00:45:42]} {[%emt 00:06:53]} 17. d5 {[%clk 00:20:47]}
{[%emt 00:04:49]} cxd5 {[%clk 00:45:07]} {[%emt 00:01:06]} 18. cxd5 {[%clk
00:21:13]} {[%emt 00:00:04]} Ng6 {[%clk 00:44:57]} {[%emt 00:00:40]} 19. O-O
{[%clk 00:16:58]} {[%emt 00:04:45]} Bd7 {[%clk 00:44:34]} {[%emt 00:00:52]} 20.
Rfd1 {[%clk 00:16:32]} {[%emt 00:00:57]} Qe7 {[%clk 00:43:48]} {[%emt
00:01:16]} 21. Kh1 {[%clk 00:04:39]} {[%emt 00:12:22]} Rac8 {[%clk 00:41:49]}
{[%emt 00:02:29]} 22. Rac1 {[%clk 00:05:05]} {[%emt 00:00:05]} h6 {[%clk
00:36:17]} {[%emt 00:06:02]} 23. h4 {[%clk 00:02:59]} {[%emt 00:02:36]} Bb5
{[%clk 00:28:09]} {[%emt 00:08:37]} 24. Nd4 {[%clk 00:01:25]} {[%emt 00:02:05]}
Bxd4 {[%clk 00:27:21]} {[%emt 00:01:18]} 25. Bxd4 {[%clk 00:01:53]} {[%emt
00:00:03]} Ne5 {[%clk 00:26:52]} {[%emt 00:00:57]} 26. Bxe5 {[%clk 00:02:19]}
{[%emt 00:00:04]} Qxe5 {[%clk 00:27:17]} {[%emt 00:00:05]} 27. Kg1 {[%clk
00:02:01]} {[%emt 00:00:48]} a3 {[%clk 00:19:58]} {[%emt 00:07:50]} 28. Bf1
{[%clk 00:02:29]} {[%emt 00:00:02]} Bxf1 {[%clk 00:18:44]} {[%emt 00:01:43]} 29.
Kxf1 {[%clk 00:02:49]} {[%emt 00:00:11]} Qb2 {[%clk 00:18:33]} {[%emt
00:00:40]} 30. Ke2 {[%clk 00:02:29]} {[%emt 00:00:51]} Qf6 {[%clk 00:11:41]}
{[%emt 00:07:21]} 31. Rc2 {[%clk 00:02:13]} {[%emt 00:00:47]} 1/2-1/2

[Event "XLIV Memoriał Szachowy Ludwika Zamenhofa 2025, Grupa A"]
[Site "Białystok, Poland"]
[Date "2025.12.30"]
[Round "8.11"]
[White "Cukrowski, Filip"]
[Black "Backiel, Hubert"]
[Result "0-1"]
[TimeControl "90'+30\""]
[WhiteElo "2417"]
[BlackElo "2258"]

1. e4 {[%clk 01:12:43]} {[%emt 00:18:17]} c5 {[%clk 01:26:13]} {[%emt
00:04:47]} 2. Nf3 {[%clk 01:13:08]} {[%emt 00:00:06]} d6 {[%clk 01:26:39]}
{[%emt 00:00:04]} 3. c3 {[%clk 01:13:34]} {[%emt 00:00:05]} Nf6 {[%clk
01:25:44]} {[%emt 00:01:24]} 4. Be2 {[%clk 01:13:55]} {[%emt 00:00:09]} g6
{[%clk 01:21:35]} {[%emt 00:04:39]} 5. O-O {[%clk 01:14:18]} {[%emt 00:00:08]}
Bg7 {[%clk 01:22:01]} {[%emt 00:00:03]} 6. Bb5+ {[%clk 01:14:38]} {[%emt
00:00:10]} Bd7 {[%clk 01:19:35]} {[%emt 00:02:55]} 7. Bxd7+ {[%clk 01:15:02]}
{[%emt 00:00:07]} Nbxd7 {[%clk 01:19:18]} {[%emt 00:00:46]} 8. Re1 {[%clk
01:15:19]} {[%emt 00:00:14]} e5 {[%clk 01:01:00]} {[%emt 00:18:47]} 9. d4
{[%emt 00:07:11]} exd4 {[%clk 00:54:34]} 10. cxd4 {[%clk 01:16:00]} {[%emt
00:00:06]} O-O {[%clk 00:54:10]} {[%emt 00:00:53]} 11. Nc3 {[%clk 01:16:16]}
{[%emt 00:00:15]} cxd4 {[%clk 00:42:37]} {[%emt 00:12:02]} 12. Nxd4 {[%clk
01:16:44]} {[%emt 00:00:02]} Re8 {[%clk 00:29:30]} {[%emt 00:13:37]} 13. Ndb5
{[%clk 01:05:47]} {[%emt 00:11:27]} d5 {[%clk 00:28:28]} {[%emt 00:01:31]} 14.
Bf4 {[%clk 00:58:27]} {[%emt 00:07:50]} d4 {[%clk 00:17:26]} {[%emt 00:11:33]}
15. Nxd4 {[%clk 00:55:42]} {[%emt 00:03:16]} Nc5 {[%clk 00:16:49]} {[%emt
00:01:06]} 16. e5 {[%clk 00:17:53]} {[%emt 00:38:19]} Nh5 {[%clk 00:16:07]}
{[%emt 00:01:12]} 17. g3 {[%clk 00:15:14]} {[%emt 00:03:09]} Nxf4 {[%clk
00:15:49]} {[%emt 00:00:49]} 18. gxf4 {[%clk 00:15:44]} Bh6 {[%clk 00:11:55]}
{[%emt 00:04:24]} 19. b4 {[%clk 00:15:00]} {[%emt 00:01:14]} Bxf4 {[%clk
00:06:30]} {[%emt 00:05:55]} 20. bxc5 {[%clk 00:15:29]} {[%emt 00:00:01]} Bxe5
{[%clk 00:06:34]} {[%emt 00:00:26]} 21. Re4 {[%clk 00:09:03]} {[%emt 00:06:56]}
f5 {[%clk 00:04:31]} {[%emt 00:02:33]} 22. Qb3+ {[%clk 00:09:18]} {[%emt
00:00:15]} Kh8 {[%clk 00:04:55]} {[%emt 00:00:05]} 23. Rxe5 {[%clk 00:08:41]}
{[%emt 00:01:07]} Rxe5 {[%clk 00:05:10]} {[%emt 00:00:16]} 24. Nf3 {[%clk
00:07:50]} {[%emt 00:01:20]} Rxc5 {[%clk 00:04:50]} {[%emt 00:00:51]} 25. Re1
{[%clk 00:02:41]} {[%emt 00:05:40]} Rac8 {[%clk 00:02:16]} {[%emt 00:03:03]} 26.
Nb5 {[%clk 00:02:42]} {[%emt 00:00:29]} Qf6 {[%clk 00:01:35]} {[%emt 00:01:11]}
27. Re6 {[%clk 00:02:10]} {[%emt 00:01:02]} Qa1+ {[%clk 00:01:04]} {[%emt
00:01:02]} 28. Kg2 {[%clk 00:02:38]} {[%emt 00:00:01]} Rc4 {[%clk 00:00:32]}
{[%emt 00:01:02]} 29. h3 {[%clk 00:02:21]} {[%emt 00:00:47]} Qg7 {[%clk
00:00:38]} {[%emt 00:00:24]} 30. Nd6 {[%clk 00:02:05]} {[%emt 00:00:46]} Qd7
{[%clk 00:00:35]} {[%emt 00:00:33]} 31. Nxc8 {[%clk 00:01:15]} {[%emt
00:01:20]} Qxe6 {[%clk 00:00:49]} {[%emt 00:00:16]} 32. Nd6 {[%clk 00:01:38]}
{[%emt 00:00:07]} Re4 {[%clk 00:00:35]} {[%emt 00:00:44]} 33. Nxe4 {[%clk
00:01:38]} {[%emt 00:00:29]} Qxe4 {[%clk 00:01:04]} {[%emt 00:00:02]} 34. Qf7
{[%clk 00:01:32]} {[%emt 00:00:36]} Qb4 {[%clk 00:00:58]} {[%emt 00:00:36]} 35.
Ng5 {[%clk 00:01:50]} {[%emt 00:00:12]} Qh4 {[%clk 00:00:33]} {[%emt 00:00:55]}
36. Qf8# {[%clk 00:01:45]} {[%emt 00:00:05]} 0-1

[Event "XLIV Memoriał Szachowy Ludwika Zamenhofa 2025, Grupa A"]
[Site "Białystok, Poland"]
[Date "2025.12.30"]
[Round "8.12"]
[White "Sernecki, Franciszek"]
[Black "Lecki, Leonard"]
[Result "0-1"]
[TimeControl "90'+30\""]
[WhiteElo "2306"]
[BlackElo "2194"]

1. d4 {[%clk 01:30:56]} {[%emt 00:00:03]} d5 {[%clk 01:23:46]} {[%emt
00:07:14]} 2. c4 {[%clk 01:31:19]} {[%emt 00:00:07]} dxc4 {[%clk 01:24:04]}
{[%emt 00:00:13]} 3. e4 {[%clk 01:29:17]} {[%emt 00:02:32]} Nf6 {[%clk
01:23:38]} {[%emt 00:00:54]} 4. e5 {[%clk 01:29:26]} {[%emt 00:00:23]} Nd5
{[%clk 01:24:00]} {[%emt 00:00:08]} 5. Bxc4 {[%clk 01:29:44]} {[%emt 00:00:10]}
Nb6 {[%clk 01:24:19]} {[%emt 00:00:12]} 6. Bd3 {[%clk 01:28:03]} {[%emt
00:02:12]} Nc6 {[%clk 01:24:28]} {[%emt 00:00:20]} 7. Be3 {[%clk 01:28:12]}
{[%emt 00:00:21]} Nb4 {[%clk 01:24:27]} {[%emt 00:00:32]} 8. Be4 {[%clk
01:27:50]} {[%emt 00:00:51]} f5 {[%clk 01:23:53]} {[%emt 00:01:05]} 9. a3
{[%clk 01:25:45]} {[%emt 00:02:36]} N4d5 {[%clk 01:20:56]} {[%emt 00:03:26]} 10.
Bd3 {[%clk 01:24:13]} {[%emt 00:02:01]} e6 {[%clk 01:15:04]} {[%emt 00:06:23]}
11. Nc3 {[%clk 01:13:27]} {[%emt 00:11:15]} Be7 {[%clk 01:12:33]} {[%emt
00:03:00]} 12. Qh5+ {[%clk 01:08:30]} {[%emt 00:05:28]} g6 {[%clk 01:08:18]}
{[%emt 00:04:46]} 13. Qh6 {[%clk 01:06:31]} {[%emt 00:02:29]} Kf7 {[%clk
00:51:19]} {[%emt 00:17:29]} 14. Nf3 {[%clk 01:03:10]} {[%emt 00:03:50]} Bd7
{[%clk 00:49:02]} {[%emt 00:02:48]} 15. O-O {[%clk 00:56:41]} {[%emt 00:06:59]}
Qf8 {[%clk 00:46:22]} {[%emt 00:03:10]} 16. Rac1 {[%clk 00:52:19]} {[%emt
00:04:51]} Nxc3 {[%clk 00:40:11]} {[%emt 00:06:41]} 17. Rxc3 {[%clk 00:51:57]}
{[%emt 00:00:52]} Nd5 {[%clk 00:40:31]} {[%emt 00:00:09]} 18. Rc2 {[%clk
00:51:39]} {[%emt 00:00:49]} Qxh6 {[%clk 00:36:53]} {[%emt 00:04:09]} 19. Bxh6
{[%clk 00:49:51]} {[%emt 00:02:15]} Ba4 {[%clk 00:35:21]} {[%emt 00:02:06]} 20.
Rcc1 {[%clk 00:49:04]} {[%emt 00:01:16]} Bc6 {[%clk 00:34:02]} {[%emt
00:01:49]} 21. Ng5+ {[%clk 00:43:46]} {[%emt 00:05:48]} Bxg5 {[%clk 00:33:39]}
{[%emt 00:00:53]} 22. Bxg5 {[%clk 00:44:14]} {[%emt 00:00:02]} a5 {[%clk
00:29:16]} {[%emt 00:04:53]} 23. Bc4 {[%clk 00:39:42]} {[%emt 00:05:02]} Nb6
{[%clk 00:28:59]} {[%emt 00:00:47]} 24. Ba2 {[%clk 00:37:23]} {[%emt 00:02:49]}
h6 {[%clk 00:28:29]} {[%emt 00:01:01]} 25. Bf6 {[%clk 00:35:04]} {[%emt
00:02:48]} Rhc8 {[%clk 00:28:30]} {[%emt 00:00:28]} 26. f4 {[%clk 00:33:58]}
{[%emt 00:01:36]} Bd5 {[%clk 00:27:31]} {[%emt 00:01:30]} 27. Bb1 {[%clk
00:33:51]} {[%emt 00:00:37]} c6 {[%clk 00:27:07]} {[%emt 00:00:54]} 28. Bh4
{[%clk 00:26:40]} {[%emt 00:07:40]} Nc4 {[%clk 00:19:36]} {[%emt 00:08:02]} 29.
Rf2 {[%clk 00:25:28]} {[%emt 00:01:42]} Rc7 {[%clk 00:14:00]} {[%emt 00:06:06]}
30. Bd3 {[%clk 00:23:03]} {[%emt 00:02:54]} Nb6 {[%clk 00:14:25]} {[%emt
00:00:05]} 31. Bf1 {[%clk 00:22:07]} {[%emt 00:01:26]} Be4 {[%clk 00:13:50]}
{[%emt 00:01:05]} 32. Bc4 {[%clk 00:13:32]} {[%emt 00:09:06]} Rg8 {[%clk
00:12:50]} {[%emt 00:01:30]} 33. Rd2 {[%clk 00:13:13]} {[%emt 00:00:49]} g5
{[%clk 00:12:00]} {[%emt 00:01:20]} 34. fxg5 {[%clk 00:13:36]} {[%emt
00:00:07]} hxg5 {[%clk 00:12:25]} {[%emt 00:00:04]} 35. Bf2 {[%clk 00:13:04]}
{[%emt 00:01:02]} Bd5 {[%clk 00:12:17]} {[%emt 00:00:39]} 36. Be2 {[%clk
00:11:54]} {[%emt 00:01:39]} f4 {[%clk 00:08:19]} {[%emt 00:04:29]} 37. Bh5+
{[%clk 00:10:52]} {[%emt 00:01:32]} Kf8 {[%clk 00:08:31]} {[%emt 00:00:18]} 38.
Bg4 {[%clk 00:10:51]} {[%emt 00:00:31]} Ke7 {[%clk 00:06:07]} {[%emt 00:02:54]}
39. Rc3 {[%clk 00:07:29]} {[%emt 00:03:52]} Rcc8 {[%clk 00:06:19]} {[%emt
00:00:19]} 40. Re2 {[%clk 00:06:54]} {[%emt 00:01:04]} Rh8 {[%clk 00:05:12]}
{[%emt 00:01:37]} 41. h3 {[%clk 00:03:16]} {[%emt 00:04:09]} Ra8 {[%clk
00:04:48]} {[%emt 00:00:54]} 42. Rc1 {[%clk 00:01:53]} {[%emt 00:01:52]} a4
{[%clk 00:04:08]} {[%emt 00:01:10]} 43. Rc5 {[%clk 00:00:40]} {[%emt 00:01:43]}
Rh6 {[%clk 00:04:03]} {[%emt 00:00:35]} 44. Rc3 {[%clk 00:00:37]} {[%emt
00:00:33]} Rf8 {[%clk 00:03:12]} {[%emt 00:01:20]} 45. Be1 {[%clk 00:00:51]}
{[%emt 00:00:17]} Kd7 {[%clk 00:03:35]} {[%emt 00:00:08]} 46. Rec2 {[%clk
00:00:43]} {[%emt 00:00:37]} Be4 {[%clk 00:03:49]} {[%emt 00:00:16]} 47. Re2
{[%clk 00:00:35]} {[%emt 00:00:38]} Bg6 {[%clk 00:04:06]} {[%emt 00:00:13]} 48.
b3 {[%clk 00:00:36]} {[%emt 00:00:29]} Nd5 {[%clk 00:04:05]} {[%emt 00:00:31]}
49. Rf3 {[%clk 00:00:57]} {[%emt 00:00:09]} Ra8 {[%clk 00:03:25]} {[%emt
00:01:10]} 50. Bd2 {[%clk 00:00:47]} {[%emt 00:00:40]} Bc2 {[%clk 00:02:33]}
{[%emt 00:01:22]} 51. b4 {[%clk 00:00:32]} {[%emt 00:00:45]} Bd1 {[%clk
00:02:51]} {[%emt 00:00:12]} 52. Ref2 {[%clk 00:00:50]} {[%emt 00:00:12]} Bxf3
{[%clk 00:03:10]} {[%emt 00:00:12]} 53. Rxf3 {[%clk 00:01:13]} {[%emt
00:00:06]} b6 {[%clk 00:03:01]} {[%emt 00:00:39]} 54. Kf2 {[%clk 00:00:41]}
{[%emt 00:01:02]} Rhh8 {[%clk 00:02:54]} {[%emt 00:00:37]} 55. Ke2 {[%clk
00:01:03]} {[%emt 00:00:07]} c5 {[%clk 00:02:19]} {[%emt 00:01:06]} 56. dxc5
{[%clk 00:01:30]} {[%emt 00:00:03]} bxc5 {[%clk 00:02:45]} {[%emt 00:00:04]} 57.
Rd3 {[%clk 00:01:58]} {[%emt 00:00:02]} Ke7 {[%clk 00:02:48]} {[%emt 00:00:27]}
58. bxc5 {[%clk 00:01:59]} {[%emt 00:00:28]} Rhc8 {[%clk 00:02:33]} {[%emt
00:00:45]} 59. h4 {[%clk 00:01:58]} {[%emt 00:00:32]} gxh4 {[%clk 00:02:30]}
{[%emt 00:00:33]} 60. Rh3 {[%clk 00:02:12]} {[%emt 00:00:16]} Rh8 {[%clk
00:01:53]} {[%emt 00:01:08]} 61. Bf3 {[%clk 00:01:55]} {[%emt 00:00:47]} Rac8
{[%clk 00:01:26]} {[%emt 00:00:57]} 62. Bxd5 {[%clk 00:01:29]} {[%emt
00:00:55]} exd5 {[%clk 00:01:52]} {[%emt 00:00:05]} 63. Bxf4 {[%clk 00:01:56]}
{[%emt 00:00:02]} Rxc5 {[%clk 00:01:48]} {[%emt 00:00:35]} 64. Bg5+ {[%clk
00:02:10]} {[%emt 00:00:15]} Ke6 {[%clk 00:02:15]} {[%emt 00:00:04]} 65. Bxh4
{[%clk 00:02:36]} {[%emt 00:00:04]} Rc2+ {[%clk 00:02:22]} {[%emt 00:00:24]}
0-1

[Event "XLIV Memoriał Szachowy Ludwika Zamenhofa 2025, Grupa A"]
[Site "Białystok, Poland"]
[Date "2025.12.30"]
[Round "8.13"]
[White "Rajbharath, Harjith"]
[Black "Greicius, Pijus"]
[Result "1/2-1/2"]
[TimeControl "90'+30\""]
[WhiteElo "2002"]
[BlackElo "2170"]

1. d4 {[%clk 01:30:58]} {[%emt 00:00:02]} d5 {[%clk 01:30:53]} {[%emt
00:00:08]} 2. Nf3 {[%clk 01:31:22]} {[%emt 00:00:05]} Nf6 {[%clk 01:31:18]}
{[%emt 00:00:05]} 3. c4 {[%clk 01:31:45]} {[%emt 00:00:07]} e6 {[%clk
01:31:44]} {[%emt 00:00:05]} 4. Nc3 {[%clk 01:32:11]} {[%emt 00:00:04]} a6
{[%clk 01:32:10]} {[%emt 00:00:04]} 5. cxd5 {[%clk 01:32:36]} {[%emt 00:00:05]}
exd5 {[%clk 01:32:33]} {[%emt 00:00:07]} 6. Qb3 {[%clk 01:33:03]} {[%emt
00:00:02]} c5 {[%clk 01:31:45]} {[%emt 00:01:19]} 7. Bg5 {[%clk 01:32:54]}
{[%emt 00:00:39]} c4 {[%clk 01:31:15]} {[%emt 00:01:00]} 8. Qc2 {[%clk
01:33:08]} {[%emt 00:00:16]} Bb4 {[%clk 01:30:55]} {[%emt 00:00:49]} 9. e4
{[%clk 01:33:06]} {[%emt 00:00:33]} Bxc3+ {[%clk 01:17:29]} {[%emt 00:13:56]}
10. bxc3 {[%clk 01:33:24]} {[%emt 00:00:11]} dxe4 {[%clk 01:13:10]} {[%emt
00:04:50]} 11. Bxf6 {[%clk 01:33:39]} {[%emt 00:00:15]} Qxf6 {[%clk 01:13:31]}
{[%emt 00:00:09]} 12. Qxe4+ {[%clk 01:34:03]} {[%emt 00:00:06]} Qe6 {[%clk
01:13:32]} {[%emt 00:00:29]} 13. Ne5 {[%clk 01:33:46]} {[%emt 00:00:47]} f6
{[%clk 01:13:45]} {[%emt 00:00:17]} 14. Bxc4 {[%clk 01:34:08]} {[%emt
00:00:08]} Qe7 {[%clk 01:14:01]} {[%emt 00:00:14]} 15. f4 {[%clk 01:33:50]}
{[%emt 00:00:48]} fxe5 {[%clk 01:14:25]} {[%emt 00:00:06]} 16. fxe5 {[%clk
01:33:44]} {[%emt 00:00:35]} Rf8 {[%clk 01:13:24]} {[%emt 00:01:31]} 17. Qxh7
{[%clk 01:25:06]} {[%emt 00:09:07]} Qg5 {[%clk 01:13:47]} {[%emt 00:00:08]} 18.
Qe4 {[%clk 01:23:45]} {[%emt 00:01:52]} Bf5 {[%clk 01:06:27]} {[%emt 00:07:50]}
19. Qe2 {[%clk 01:21:35]} {[%emt 00:02:36]} Bg4 {[%clk 00:57:12]} {[%emt
00:09:48]} 20. Qd2 {[%clk 01:12:43]} {[%emt 00:09:22]} Qxd2+ {[%clk 00:37:32]}
{[%emt 00:20:09]} 21. Kxd2 {[%clk 01:12:59]} {[%emt 00:00:14]} Nc6 {[%clk
00:37:45]} {[%emt 00:00:17]} 22. Rhf1 {[%clk 00:57:58]} {[%emt 00:15:31]} O-O-O
{[%clk 00:37:49]} {[%emt 00:00:26]} 23. Ke3 {[%clk 00:57:05]} {[%emt 00:01:23]}
Kc7 {[%clk 00:27:59]} {[%emt 00:10:21]} 24. Bf7 {[%clk 00:50:18]} {[%emt
00:07:16]} Ne7 {[%clk 00:25:06]} {[%emt 00:03:23]} 25. h3 {[%clk 00:45:00]}
{[%emt 00:05:49]} Bd7 {[%clk 00:20:57]} {[%emt 00:04:39]} 26. Kd2 {[%clk
00:39:06]} {[%emt 00:06:24]} Bf5 {[%clk 00:17:54]} {[%emt 00:03:32]} 27. Bb3
{[%clk 00:33:38]} {[%emt 00:05:59]} Be4 {[%clk 00:17:39]} {[%emt 00:00:45]} 28.
Rae1 {[%clk 00:32:54]} {[%emt 00:01:13]} Bc6 {[%clk 00:16:52]} {[%emt
00:01:18]} 29. h4 {[%clk 00:30:02]} {[%emt 00:03:23]} b5 {[%clk 00:16:48]}
{[%emt 00:00:34]} 30. g4 {[%clk 00:29:28]} {[%emt 00:01:03]} b4 {[%clk
00:13:57]} {[%emt 00:03:22]} 31. Bc4 {[%clk 00:20:44]} {[%emt 00:09:13]} a5
{[%clk 00:13:07]} {[%emt 00:01:19]} 32. cxb4 {[%clk 00:19:21]} {[%emt
00:01:54]} axb4 {[%clk 00:12:50]} {[%emt 00:00:47]} 33. Ke3 {[%clk 00:15:38]}
{[%emt 00:04:13]} Bg2 {[%clk 00:12:35]} {[%emt 00:00:45]} 34. Rxf8 {[%clk
00:15:42]} {[%emt 00:00:26]} Rxf8 {[%clk 00:12:57]} {[%emt 00:00:07]} 35. Rb1
{[%clk 00:13:37]} {[%emt 00:02:36]} Nc6 {[%clk 00:13:04]} {[%emt 00:00:24]} 36.
Be2 {[%clk 00:13:37]} {[%emt 00:00:29]} 1/2-1/2